• 首页
  • 本馆介绍
  • 公告通知
  • 最新文献
  • 馆藏检索
  • 电子资源
  • 读者导购
  • 参考咨询
  • 我的图书馆
  • 登录
  • 详细信息显示
  • 放入我的书架
  • 预约/预借图书
  • 作者相关作品
  • 分类相关作品
  • 丛书相关作品
  • 出版社相关作品

书目信息

  • 表格格式
  • 工作单格式
  • 卡片格式
题名:
弹性和塑性力学中的变分法
    
 
作者: 鹫津久一郎 著 ;老亮 , 郝松林 译
分册:  
出版信息: 北京   科学出版社  1984
页数: 446页
开本: 21cm
丛书名: 力学名著译丛
单 册:
中图分类: O343 , O34
科图分类:
主题词: 弹性力学-变分法 , 变分法-弹性力学 , 塑性力学-变分法 , 变分法-塑性力学 , 固体力学
电子资源:
ISBN:
000 00983nam2 2200349 45
001 0184002678
005 20040518091152.0
010    @dCNY3.35@b精装
091    @aCN@b13031.2403
100    @a19950406d1984 em y0chiy0121 ea
101 1  @achi@cjpn
102    @aCN@b110000
105    @ay z 000yy
106    @ar
200 10 @a弹性和塑性力学中的变分法@Atan xing he su xing li xue zhong de bian fen fa@f(日)鹫津久一郎著@g老亮,郝松林译
210    @a北京@c科学出版社@d1984
215    @a446页@d21cm
225 2  @a力学名著译丛
410  0 @120010@a力学名著译丛
606    @a弹性力学-变分法
606    @a变分法-弹性力学
606    @a塑性力学-变分法
606    @a变分法-塑性力学
606 0  @a固体力学
690    @aO343@v3
690    @aO34
701  0 @a鹫津久一郎@Ajiu jin jiu yi lang@4著
702  0 @a老亮@Alao liang@4译
702  0 @a郝松林@Ahao song lin@4译
801  0 @aCN@b上海图书馆@c20040518
801  2 @aCN@bNLC@c20040518
905    @f1@b102689@dO34@e19
    
    弹性和塑性力学中的变分法/(日)鹫津久一郎著/老亮,郝松林译.-北京:科学出版社,1984
    446页;21cm.-(力学名著译丛)
    
    
    ISBN (精装):CNY3.35
    
●
相关链接 在E读中查询图书 在五车中查询图书 在当当中查询图书 在豆瓣中查询图书


正题名:弹性和塑性力学中的变分法     索取号:O34/19         预约/预借

序号 登录号 条形码 馆藏地/架位号 状态 备注
1 0102689   000384765   第三借阅区/ [索取号:O34/19] 在馆    
唐山师范学院图书馆 欢迎您!
大连网信软件有限公司© 版权所有